000 01926cam a22004694i 4500
003 PE-LiUPU
005 20250731173504.0
008 150616s r 000 0 d
020 _a0192852108
035 _a(Sirsi) i9780192852106
040 _aPE-LiUPU
_bspa
_cPE-LiUPU
_erda
049 _aPRUA
082 0 4 _a273.1
_bCh84
_221
100 1 _aChristie-Murray, David,
_eautor.
245 1 2 _aA History of Heresy /
_cDavid Christie-Murray.
264 1 _aOxford, New York :
_bOxford University Press,
_c1976.
300 _a243 páginas ;
_c19 centímetros
336 _atext
_2rdacontent
337 _aunmediated
_2rdamedia
338 _avolume
_2rdacarrier
505 0 _aThe Doctrine of Heresy -- The Judaizers -- Gnosticism -- Montanism -- Monarchianism -- Arianism -- Apollinarianism -- Nestorianism -- Eutychianism and Allied Heresies -- Pelagianism -- To Wyclcif and Hus -- Luther and Lutheranism to 1600 -- The Reformed Churches to 1600 -- Anglicanism to 1600 -- Other Movements in the Sixteenth Century -- The Seventeenth Century -- The Eighteenth Century -- The Nineteenth Century -- The Twentieth Century. History church.
526 _aSEG42
526 _aSEG41
526 _aSEG40
526 _aSEG39
526 _aP94
526 _aP87
526 _aP86
526 _aP85
526 _aP77
526 _aP76
526 _aP35
650 0 4 _aHerejías cristianas
_xHistoria.
650 0 4 _aSectas
_xHistoria.
910 _ajck
_bjvq
_cjck
942 _2ddc
_cBOOK
949 _a273.1 CH84
_wDEWEY
_c1
_i40399
_lCCODEBUL1
_mBUL
_r0
_sY
_tBOOK
_u2015-6-16
_xTEOLOGIA
_zUNKNOWN
_0COMPRA
_o.STAFF. Colección General
994 _aC0
_bPEPRU
596 _a1
999 _a273.1 CH84
_wDEWEY
_c58204
_i40399
_f2021-11-11
_g5
_lCCODEBUL1
_mBUL
_r0
_sY
_tBOOK
_u2015-6-16
_xTEOLOGIA
_zUNKNOWN
_0COMPRA
_o.STAFF. Colección General
_d58204
980 _81
_gALBERTO SANCHEZ Responsable de Automatización